000 00901nmm a2200265 a 4500
001 ocm000702815
003 TR-IsHL
005 20201028131644.0
008 131028s2004 tu tur
007 cr cn
035 _a702815
_b(N$T)
050 0 4 _aQK725
_b.A44 2004
090 0 4 _aQK725
_b.A44 2004
100 1 _aAlgan, Gönül
245 1 0 _aBitki hücresi ve bitki morfolojisi laboratuvar kitabı
_h[electronic resource] /
_cGönül Algan ; M. Cihat Toker
260 _aAnkara :
_bAnkara Üniversitesi,
_c2004
300 _a143 p.
650 4 _aTarım ve Biyoloji
650 4 _aAgricultural and Biological Sciences
650 0 _aBotanik
_x Bitki morfolojisi
650 0 _aBotany
_x Plant morphology
650 7 _aNATURE / Plants / General
_2bisacsh
700 1 _aToker, M. Cihat
856 4 0 _uhttp://search.ebscohost.com/login.aspx?direct=true&scope=site&db=e011xww&AN=702815
999 _c4680
_d4680